000
00273nam a22000977a 4500
082
_a
621.38804 SCH'E
245
_a
SCEMATIC DIAGRAMS COLOUR TELEVISION NATIONAL PART-2 CIRCUIT DIAGRAMS 1985-1989
260
_a
LAHORE
_b
HAMDARD KUTABKHANA
_c
1989
300
_a
60P
942
_c
BK
999
_c
580606
_d
580606